Italy : Financial Sector Assessment Program; Detailed Assessment of Implementation of the IOSCO Objectives and Principles of Securities Regulation.

This paper discusses the Financial Sector Assessment Program focusing on Detailed Assessment of Implementation of the International Organization of Securities Commission (IOSCO) Objectives and Principles of Securities Regulation for Italy. The IOSCO Principles list a number of preconditions to effec...

ver descrição completa

Detalhes bibliográficos
Autor Corporativo: International Monetary Fund
Formato: Periódico
Idioma:English
Publicado em: Washington, D.C. : International Monetary Fund, 2006.
Colecção:IMF Staff Country Reports; Country Report ; No. 2006/083
Acesso em linha:Full text available on IMF
LEADER 01778cas a2200241 a 4500
001 AALejournalIMF004069
008 230101c9999 xx r poo 0 0eng d
020 |c 5.00 USD 
020 |z 9781451819960 
022 |a 1934-7685 
040 |a BD-DhAAL  |c BD-DhAAL 
110 2 |a International Monetary Fund. 
245 1 0 |a Italy :   |b Financial Sector Assessment Program; Detailed Assessment of Implementation of the IOSCO Objectives and Principles of Securities Regulation. 
264 1 |a Washington, D.C. :  |b International Monetary Fund,  |c 2006. 
300 |a 1 online resource (26 pages) 
490 1 |a IMF Staff Country Reports 
500 |a <strong>Off-Campus Access:</strong> No User ID or Password Required 
500 |a <strong>On-Campus Access:</strong> No User ID or Password Required 
506 |a Electronic access restricted to authorized BRAC University faculty, staff and students 
520 3 |a This paper discusses the Financial Sector Assessment Program focusing on Detailed Assessment of Implementation of the International Organization of Securities Commission (IOSCO) Objectives and Principles of Securities Regulation for Italy. The IOSCO Principles list a number of preconditions to effective securities regulation. These include the appropriateness of legal, tax, and accounting framework within which the securities market operates, the effectiveness of procedures for the efficient resolution of problems in the securities market, and the soundness of macroeconomic policies. These preconditions appear to be in place in Italy. 
538 |a Mode of access: Internet 
830 0 |a IMF Staff Country Reports; Country Report ;  |v No. 2006/083 
856 4 0 |z Full text available on IMF  |u http://elibrary.imf.org/view/journals/002/2006/083/002.2006.issue-083-en.xml  |z IMF e-Library